000 00338nam a22001457a 4500
008 230615b ||||| |||| 00| 0 eng d
020 _a978082615400
041 _aeng
080 _a610.73
082 _a610.73CAM
100 _a7
101 _aINF
245 _aMETHODOLOGICAL ISSUES IN AGING RESEARCH
_cCAMPBELL.T.R
942 _2udc
_cBK
999 _c59982
_d59982